banner-ar

النوبة الجديدة / (Record no. 59977)

MARC details
000 -الفاتح
حقل البيانات ثابتة الطول 00720nam a2200205 4500
005 - وقت وتاريخ اخر تعامل مع التسجيلة
رقم الضبط 20240530110346.0
008 - عناصر البيانات ثابتة الطول - معلومات عامة
حقل البيانات ثابتة الطول 141204s1995 ua bf frb 000 0 ara d
040 ## - مصدر الفهرسة
وكالة الفهرسة الأصلية EG-CaGPL
041 ## - رمز اللغة
رمز لغة النص/ المسارات الصوتية أو العنوان الانفرادي ara
082 04 - رقم تصنيف ديوى العشرى
رقم الطبعة 21
رقم التصنيف 962.3\
رقم المادة ص ن
100 0# - المدخل الرئيسى - إسم شخصى
الإسم الشخصى صديقى ربيع
245 1# - بيان العنوان
العنوان النوبة الجديدة /
بيان المسئوليه,etc صديقى ربيع
260 ## - PUBLICATION, DISTRIBUTION, ETC. (IMPRINT)
تاريخ النشر أو التوزيع [ 199؟ ]
300 ## - الوصف المادى
التعداد 110 ص ؛
أبعاد الوعاء 16 سم
504 ## - تبصرة ببليوجرافية
تبصرة ببليوجرافية,الخ ببليوجرافية : ص107
651 04 - المدخل الاضافى بالموضوع - اسم جغرافى
الاسم الجغرافي مصر ( النوبة )
التقسيم الفرعي العام تاريخ
التقسيم الفرعي الزمني العصر الحديث
651 04 - المدخل الاضافى بالموضوع - اسم جغرافى
الاسم الجغرافي النوبة
التقسيم الفرعي العام تاريخ
651 04 - المدخل الاضافى بالموضوع - اسم جغرافى
الاسم الجغرافي النوبة
التقسيم الفرعي العام تاريخ
-- الاحوال الاجتماعية
942 ## - عناصر المدخل الإضافي( كوها)
مصدر التصنيف او مخطط الترفيف Dewey Decimal Classification
Koha [default] item type كتاب
260 ## - PUBLICATION, DISTRIBUTION, ETC. (IMPRINT)
-- القاهرة :
-- الدار القومية للطباعة والنشر
Holdings
حالة التراجع حالة الفقد حالة تلف ليس للاعارة المكان المؤقت الموقع الحالى تاريخ الاكتساب اجمالي اﻻعارات رقم الطلب الباركود تاريخ اخر مشاهدة تاريخ تفعيل السعر نوع وعاء كوها
        مكتبة القاهرة الكبرى مكتبة القاهرة الكبرى 12/04/2014   962.3\ ص ن 158946 12/04/2014 12/04/2014 كتاب

Powered By

EGPV